000 00951cam a2200277 i 4500
001 34653
003 Mx-PuUPA
005 20220511121509.0
008 140415s1976 mx a gre 000 0 spa d
020 _a8439964730
040 _aMx-PuUPA
_bspa
_cMx-PuUPA
_dMx-PuUPA
_erda
041 0 _aspa
100 1 _aAbad de Santillán, Diego,
_d1897-1983
_eautor
_912478
245 1 0 _aHistoria de la Revolución mexicana /
_cDiego Abad de Santillán
264 1 _aMadrid :
_bLibro Mex,
_c1976
300 _a547 páginas :
_bilustraciones ;
_c31 cm.
336 _2rdacontent
_atexto
_btxt
337 _2rdamedia
_asin medio
_bn
338 _2rdacarrier
_avolumen
_bnc
650 7 _aAnarquismo
_zMéxico
_xHistoria
651 4 _aMéxico
_xHistoria
_xRevolución
_y1910-1920
942 _2ddc
_cLI
_h972.0816
_iA116
999 _c34653
_d34653